Religion Quiz

Random Religion or Bible Quiz

Tweets from the Bible Quiz Stats

 Plays Quiz Updated Aug 30, 2012

Also try: Historical Tweets
Challenge
Share
Tweet
Embed
Score 0/18 Timer 05:00
0 Plays Today
Tweet Bible Book % Correct
Creation, Flood, Abrahamic Covenant, Sodom & Gomorrah royally screw up. Jacob, Esau, 12 tribes, and then Joseph and that Technicolor coat.Genesis
99.3%
The Israelites leave Egypt. Moses receives the Top Ten. Tabernacle is described. Go down, Moses.Exodus
77.7%
A chronological account of the life of Jesus, most excellent Theophilus.Luke
71%
A Hebrew woman becomes Queen and advocates to the King for her people. The people are saved from destruction.Esther
68%
The Word was made flesh. Bread of Life. Good Shepherd. Farewell Discourse. Vine and Branches. Arrest, Trial, Crucifixion, Resurrection.John
67.2%
The early church begins, using the moniker, “the way”. The Holy Spirit arrives on the Day of Pentecost. Paul has a bunch of trouble.Acts
64.9%
John has a vision while exiled on Patmos. WOW.Revelation
64%
Satan asks God for access to one of his beloved. God grants the access, with conditions. Many bad things happen. Philosophizing ensues.Job
63%
Christ’s birth foretold by a prophet whose gift of prophecy was received in the year of King Uzziah’s death.Isaiah
58.4%
Tweet Bible Book % Correct
Paul’s 1st letter to the chief city of Greece. Spiritual maturity, poverty/ wealth, judging, marriage,Love Chapter, the Resurrection.1 Corinthians
58.3%
Solomon’s advice to his son, complete with a description of an excellent woman, in case he needs one.Proverbs
48.8%
Solomon ponders the meaning of life, and gives The Byrds a hit song.Ecclesiastes
40.3%
Gentiles and Jews are equal heirs under grace. Saints are equipped for that to which they are called. Children obey parents. Full Armor!Ephesians
38.2%
Paul advocates for a slave he met in prison who is being sent back to his captor.Philemon
35.8%
New covenant is compared with old and found superior in many ways, and for many reasons. Hall of Faith.Hebrews
33.6%
Last oracle before inter-testament period. God hates divorce. God asks to be tested concerning tithes and offerings.Malachi
33.4%
A prophet is commanded to marry a harlot. They have several children. The harlot’s heart is difficult to change. The prophet prophesies.Hosea
32.6%
A wall is built around Jerusalem. The builder refused to be distracted from his vision.Nehemiah
27.9%

You're not logged in!

Compare scores with friends on all Sporcle quizzes.
Join for Free
OR
Log In

You Might Also Like...

Show Comments

Extras

Top Quizzes Today


Score Distribution

Your Account Isn't Verified!

In order to create a playlist on Sporcle, you need to verify the email address you used during registration. Go to your Sporcle Settings to finish the process.

Report this User

Report this user for behavior that violates our Community Guidelines.

Details: